Neighborhoods of Minneapolis Map - Statistics

General Stats
  • This quiz has been taken 157 times
  • The average score is 31 of 87
Answers on the Map
Answers color-coded by a green-red scale on the quiz's map according to % correct below.
 
Answer Stats
Community Neighborhood % Correct
University University of Minnesota
69%
Central North Loop
66%
Central Downtown East
63%
Central Downtown West
59%
Southwest Linden Hills
59%
Longfellow Seward
59%
University Cedar-Riverside
58%
Longfellow Longfellow
58%
University Marcy-Holmes
58%
Powderhorn Whittier
58%
Central Loring Park
56%
University Nicollet Island/ East Bank
56%
Near North Near North
55%
Calhoun-Isles Bryn Mawr
53%
Powderhorn Powderhorn Park
53%
Calhoun-Isles Lowry Hill
52%
Nokomis Minnehaha
50%
Southwest Tangletown
50%
University Prospect Park
48%
University Como
47%
Powderhorn Lyndale
47%
Powderhorn Central
45%
Nokomis Diamond Lake
45%
Phillips East Phillips
45%
Near North Jordan
45%
Southwest King Field
45%
Southwest Armatage
44%
Longfellow Hiawatha
44%
Southwest Kenny
44%
Southwest Fulton
42%
Phillips Ventura Village
42%
Central Elliot Park
41%
Central Steven's Square- Loring Heights
38%
Northeast Waite Park
38%
Northeast Audubon Park
36%
Southwest East Harriet
36%
Southwest Windom
36%
Calhoun-Isles East Bde Maka Ska
34%
Calhoun-Isles East Isles
34%
Calhoun-Isles Lowry Hill East
34%
Northeast St. Anthony East
34%
Northeast St. Anthony West
34%
Camden Folwell
33%
Calhoun-Isles Kenwood
33%
Near North Harrison
31%
Southwest Lynnhurst
31%
Phillips Phillips West
31%
Powderhorn Standish
31%
Northeast Beltrami
30%
Phillips Midtown Phillips
30%
Northeast Northeast Park
30%
Camden Shingle Creek
30%
Northeast Logan Park
28%
University Mid-City Industrial
28%
Northeast Bottineau
27%
Powderhorn Corcoran
27%
Near North Hawthorne
27%
Longfellow Howe
27%
Nokomis Keewaydin
27%
Calhoun-Isles South Uptown
27%
Powderhorn Bryant
25%
Camden Camden Industrial
25%
Northeast Columbia Park
25%
Longfellow Cooper
25%
Nokomis Field
25%
Nokomis Hale
25%
Camden Victory
25%
Northeast Windom Park
25%
Calhoun-Isles Cedar-Isles-Dean
23%
Camden Webber-Camden
23%
Nokomis Wenonah
23%
Calhoun-Isles West Maka Ska
23%
Near North Willard Hay
23%
Camden Cleveland
22%
Camden Humboldt Industrial Area
22%
Camden Lind-Bohanon
22%
Northeast Marshall Terrace
22%
Nokomis Regina
22%
Powderhorn Bancroft
20%
Nokomis Ericsson
20%
Northeast Holland
20%
Nokomis Morris Park
20%
Nokomis Page
20%
Northeast Sheridan
20%
Near North Sumner-Glenwood
20%
Camden McKinley
19%
Nokomis Northrop
19%
No matching quizzes found
Score Distribution
Percent of People with Each Score
Percentile by Number Answered
Your Score History
You have not taken this quiz